|
|
|
|
| LEADER |
01387nam a2200349 4500 |
| 001 |
DLU130149183 |
| 005 |
##20130729 |
| 040 |
# |
# |
|a DLU
|b vie
|
| 041 |
# |
# |
|a vie
|
| 044 |
# |
# |
|a vn
|
| 082 |
# |
# |
|a 911.597 31
|b Hoi
|
| 245 |
# |
# |
|a Hỏi đáp về di tích lịch sử Hà Nội /
|c Nguyễn Văn Nhiên, Đậu Xuân Luận, Lê Thị Nga Phương sưu tầm, biên soạn.
|
| 260 |
# |
# |
|a H. :
|b Quân đội Nhân dân,
|c 2010.
|
| 300 |
# |
# |
|a 166 tr. ;
|c 21 cm.
|
| 490 |
# |
# |
|a Thăng Long - Hà Nội ngàn năm văn hiến.
|
| 504 |
# |
# |
|a Tài liệu tham khảo: tr.165.
|
| 505 |
# |
# |
|a Phần thứ nhất. Di tích lịch sử Hà Nội thời kỳ dựng nước và đấu tranh giành, giữ nền độc lập dân tộc -- Phần thứ hai. Di tích lịch sử Hà Nội thời kỳ đấu tranh cách mạng của quân và dân ta dưới sự lãnh đạo của Đảng.
|
| 650 |
# |
# |
|a Di tích lịch sử
|z Việt Nam
|z Hà Nội.
|
| 700 |
# |
# |
|a Đậu Xuân Luận,
|c ThS,
|e sưu tầm, biên soạn.
|
| 700 |
# |
# |
|a Lê Thị Nga Phương,
|e sưu tầm, biên soạn.
|
| 700 |
# |
# |
|a Nguyễn Văn Nhiên,
|c TS,
|e sưu tầm, biên soạn.
|
| 923 |
# |
# |
|a 02/2013
|
| 991 |
# |
# |
|a SH
|
| 992 |
# |
# |
|a 27000
|
| 994 |
# |
# |
|a DLU
|
| 900 |
# |
# |
|a True
|
| 911 |
# |
# |
|a Đào Thị Thu Huyền
|
| 925 |
# |
# |
|a G
|
| 926 |
# |
# |
|a A
|
| 927 |
# |
# |
|a SH
|
| 980 |
# |
# |
|a Thư viện Trường Đại học Đà Lạt
|